Dynasties chinoises en ordre - Statistiques

Statistiques générales
  • Ce quiz a été pris 47 fois
  • Le résultat moyen est 8 sur 18
Statistiques - réponses
Hint Réponse % Correct
1368 à 1644 Ming
78%
1644 à 1912 Qing
73%
-2205 à -1767 Xia
68%
-202 à 9 Han (occidentaux)
62%
-255 à -207 Qin
59%
23 à 220 Han (orientaux)
57%
-1532 à -1027 Shang
57%
-1122 à -256 Zhou
57%
960 à 1260 Song
49%
1271 à 1368 Yuan
49%
9 à 23 Xin
41%
265 à 420 Jin
35%
581 à 618 Sui
30%
220 à 265 Wei (Trois Royaumes)
19%
Wu (Trois Royaumes)
19%
Shu (Trois Royaumes)
14%
420 à 589 Dynasties du Nord et du Sud
0%
907 à 960 Période des Cinq Dynasties et Dix Royaumes
0%
Aucun quiz correspondant
Distribution des résultats
% des personnes avec chaque résultat
Percentile par nombre de réponses
Votre historique - résultats
Vous n’avez pas pris ce quiz